00548 2200217 4500001002100000005001500021035002000036007000300056008004100059020002200100082001000122084001600132100001400148245004500162250001400207260003600221300002700257600001400284990001600298990001600314INLIS00000000000348820240625092351 a0010-0624000126ta240625 e f ind  a978-602-391-993-2 a813.3 a813.3 NOO k0 aNOOR,AGUS1 aKISAH-KISAH KECIL & GANJIL /cAGUS NOOR aCETAKAN 1 aYOGYAKARTA :bDIVA PRESS,c2020 a272 hlm ;c14 x 20 hlm 4aAGUS NOOR a00000008460 a00000008459